000 00320nam a22001217a 4500
999 _c14847
_d14847
020 _a9789352534029
082 _a371.264
_bAGG/QU
100 _aAggarwal, R S
_92073
245 _aQuantitative aptitude for competitive examinations
260 _aNew Delhi
_bS Chand and Company Limited
_c2017
300 _a952
942 _cBK